000 00430nam a2200157Ia 4500
008 210716s1997 xx 000 0 und d
020 _a9788170366690
041 _aeng
082 _a174.4 PETJ
100 _aPetrick, Joseph;Quinn, John F.
245 _aManagement ethics: integrity at work.
_bIntegrity at work.
250 _a1
260 _aNew Delhi
_bResponse Books
_c1997
300 _axiv,399
650 _aBusiness Ethics
999 _c204777
_d204777